00832nam a2200217 i 4500001000300000100002500003245012100028260004400149300002800193490006900221500002600290504001400316650002400330700002900354830005700383040000800440041001600448080001100464008004100475856009800516bg1 aTARANENKO, Viktor A.10aUpravlenie processom sverlenija glubokich otverstij malogo diametra /cViktor A. Taranenko, Aleksandr I. Levčenko. aOpole :bPO. Oficyna Wydawnicza,c2003. a128 s. :bil. ;c24 cm.1 aStudia i Monografie / Politechnika Opolska,x1429-6063 ;vz. 144 aStreszcz. pol. i ang. aBibliogr. 9aWiertarstwoxmetody1 aLEVČENKO, Aleksandr I. 0aStudia i Monografie (Politechnika Opolska) ;vz. 144 cBPK0 arusbpoleng a621.95 s pl f |000 0 pol  uhttp://koha.tu.koszalin.pl/cgi-bin/koha/opac-detail.pl?biblionumber=43912yKatalog online BPK